<?xml version="1.0" encoding="UTF-8"?>
<collection xmlns="http://www.loc.gov/MARC21/slim">
  <record>
    <leader>00000nam  2200000   4500</leader>
    <controlfield tag="001">INLIS000000000017326</controlfield>
    <controlfield tag="005">20240830113044</controlfield>
    <datafield tag="035" ind1="#" ind2="#">
      <subfield code="a">0010-0724000059</subfield>
    </datafield>
    <controlfield tag="007">ta</controlfield>
    <controlfield tag="008">240830################|##########|#|##</controlfield>
    <datafield tag="084" ind1="#" ind2="#">
      <subfield code="a">R 022 PKA 2023</subfield>
    </datafield>
    <datafield tag="100" ind1=" " ind2="#">
      <subfield code="a">Muhammad Amrullah</subfield>
    </datafield>
    <datafield tag="245" ind1="1" ind2="#">
      <subfield code="a">Penyusunan Pedoman Tata Kelola Teaching Factory SMK SMTI Makassar untuk Mendorong Optimalisasi Pemanfaatan BMN /</subfield>
      <subfield code="c">Muhammad Amrullah</subfield>
    </datafield>
    <datafield tag="260" ind1="#" ind2="#">
      <subfield code="a">Jakarta :</subfield>
      <subfield code="b">Pusbangkom Pimnas dan Manajerial ASN,</subfield>
      <subfield code="c">2023</subfield>
    </datafield>
    <datafield tag="300" ind1="#" ind2="#">
      <subfield code="a">150 halaman ;</subfield>
      <subfield code="c">30 cm</subfield>
    </datafield>
    <datafield tag="650" ind1="#" ind2="4">
      <subfield code="a">Teaching Factory</subfield>
    </datafield>
    <datafield tag="520" ind1="#" ind2="#">
      <subfield code="a">Berlandaskan pada pemilihan prioritas maka dipilihlah isu terkait dengan risiko terjadinya kerugian negara atas pengelolaan BMN karena belum adanya mekanisme yang jelas terhadap pengembangan dan pemanfaatan produksi teaching factory menjadi isu prioritas yang harus segera dicarikan solusi pemecahan permasalahan. Teaching factory adalah sarana produksi yang dioperasikan berdasarkan prosedur dan standar bekerja yang sesungguhnya untuk menghasilkan produk sesuai dengan kondisi nyata industri dan tidak berorientasi mencari keuntungan.Dengan adanya pedoman tata kelola pemanfaatan BMN melalui program teaching factory diharapkan menjadi tidak lanjut atas Peraturan Menteri Keungan Nomor 108/PMK.02/2022 tentang jenis dan tarif yang berlaku pada Kementerian Perindustrian.</subfield>
    </datafield>
    <datafield tag="856" ind1="#" ind2="#">
      <subfield code="a">Perpustakaan LAN Pusat</subfield>
    </datafield>
    <datafield tag="990" ind1="#" ind2="#">
      <subfield code="a">24.07.022</subfield>
    </datafield>
  </record>
</collection>
